Games children play (Record no. 153333)

MARC details
000 -LEADER
fixed length control field 00815nam a2200265Ia 4500
003 - CONTROL NUMBER IDENTIFIER
control field OSt
005 - DATE AND TIME OF LATEST TRANSACTION
control field 20220918174503.0
008 - FIXED-LENGTH DATA ELEMENTS--GENERAL INFORMATION
fixed length control field 220917b |||||||| |||| 00| 0 eng d
037 ## - SOURCE OF ACQUISITION
Terms of availability Textual
040 ## - CATALOGING SOURCE
Original cataloging agency ARTS
Transcribing agency ARTS
Language of cataloging eng
041 ## - LANGUAGE CODE
Source of code eng
Language code of text/sound track or separate title eng
100 ## - MAIN ENTRY--PERSONAL NAME
Personal name Sternlicht Manny
9 (RLIN) 50621
245 #0 - TITLE STATEMENT
Title Games children play
Remainder of title Instructive and creative play activities for mentally retardes and developmentally disabled child
260 ## - PUBLICATION, DISTRIBUTION, ETC.
Place of publication, distribution, etc. N York
Name of publisher, distributor, etc. Van Nostrand Reinhold
Date of publication, distribution, etc. 1981
300 ## - PHYSICAL DESCRIPTION
Extent ix, 117p.
Dimensions cm.
500 ## - GENERAL NOTE
General note Bibliography p.110-12
650 ## - SUBJECT ADDED ENTRY--TOPICAL TERM
Topical term or geographic name entry element INDUSTRIAL ARTS
700 ## - ADDED ENTRY--PERSONAL NAME
Personal name Hjrwitz Abraham
9 (RLIN) 50622
942 ## - ADDED ENTRY ELEMENTS (KOHA)
Classification part MY4, M1
Koha item type Textual
Source of classification or shelving scheme Colon Classification (CC)
Holdings
Withdrawn status Lost status Damaged status Not for loan Home library Current library Date acquired Total Checkouts Full call number Barcode Date last seen Price effective from Koha item type
        Arts Library Arts Library 2022-09-18   MY4 M1 AL0741265 2022-09-18 2022-09-18 Textual
Copyright @ Delhi University Library System